The Golden Road: How Ancient India Transformed the World (Record no. 529258)

000 -LEADER
fixed length control field 00479nam a22001457a 4500
020 ## - INTERNATIONAL STANDARD BOOK NUMBER
International Standard Book Number 9781408864418
082 ## - DEWEY DECIMAL CLASSIFICATION NUMBER
Classification number A6x54 D169
100 ## - MAIN ENTRY--PERSONAL NAME
Personal name Dalrymple, William
9 (RLIN) 51174
245 ## - TITLE STATEMENT
Title The Golden Road: How Ancient India Transformed the World
Statement of responsibility, etc by William Dalrymple
260 ## - PUBLICATION, DISTRIBUTION, ETC. (IMPRINT)
Place of publication, distribution, etc Great Britain
Name of publisher, distributor, etc Bloomsbury Publishing
Date of publication, distribution, etc 2024
300 ## - PHYSICAL DESCRIPTION
Extent 482+p.
650 ## - SUBJECT ADDED ENTRY--TOPICAL TERM
Topical term or geographic name as entry element India. History, 324 B.C. - 1000 A.D.
9 (RLIN) 51175
650 ## - SUBJECT ADDED ENTRY--TOPICAL TERM
Topical term or geographic name as entry element India - Civilization
9 (RLIN) 51176
650 ## - SUBJECT ADDED ENTRY--TOPICAL TERM
Topical term or geographic name as entry element India - Influence
9 (RLIN) 51177
Holdings
Withdrawn status Lost status Source of classification or shelving scheme Damaged status Koha normalized classification for sorting Not for loan Permanent location Current location Shelving location Date acquired Full call number Barcode Date last seen Price effective from Koha item type
        A_6X54_D169   Indian Institute of Public Administration Indian Institute of Public Administration On Display 2025-03-07 A6x54 D169 89314 2025-03-07 2025-03-07 Book

Powered by Koha